| 000 | 00770cam a22002533a 4500 | ||
|---|---|---|---|
| 001 | 25757 | ||
| 003 | PGUSA | ||
| 005 | 20140828083544.0 | ||
| 008 | 080610s2008||||xxu|||||s|||||000 | eng d | ||
| 040 |
_aPGUSA _beng |
||
| 042 | _adc | ||
| 050 | 4 | _aDT | |
| 100 | 1 |
_aMyer, Isaac, _d1836-1902 |
|
| 245 | 1 | 0 |
_aScarabs : _bThe History, Manufacture and Symbolism of the Scarabæus in Ancient Egypt, Phoenicia, Sardinia, Etruria, etc. _h[electronic resource] / _cIsaac Myer |
| 260 |
_bProject Gutenberg, _c2008 |
||
| 506 | _aPublic domain in the USA. | ||
| 516 | _aElectronic text | ||
| 653 | _aScarabaeus | ||
| 653 | _aEgypt -- Religion | ||
| 653 | _aSymbolism | ||
| 830 | 0 |
_aProject Gutenberg _v25757 |
|
| 856 | 4 | 0 | _uhttp://www.gutenberg.org/ebooks/25757 |
| 942 | _cEB | ||
| 999 |
_c255012 _d255012 |
||